000 00580nam a22001577a 4500
005 20120309163421.0
020 _a812230866X
_c00.00
035 _aB-147458
037 _aDPL
_bENG
100 _aCopelan, Rachel
_943668
245 _aKnow it all guide :
_bAdvanced hypnotism /
_cby Rachel Copelan
260 _aDelhi
_bPustak Mahal
_c2004
300 _aviii, 250p.
_c22 cms.
942 _2ddc
_cEN
_h154.7
_mCOP
999 _c63934
_d63934